000 00837nam a2200241Ia 4500
003 OSt
005 20220923213253.0
006 a|||||r|||| 00| 0
007 ta
008 220922b |||||||| |||| 00| 0 hin d
024 _a160,329
037 _cTextual
040 _aARTS
_cARTS
_bhin
041 _2hin
_ahin
082 _aO152,1:gN2, H3
100 _aमिश्र, ज्योतिप्रसाद
245 0 _aनवयुग-काव्य-विमर्शःआलोचना
246 _aNavayuga-kāvya-vimarshahālochanā
260 _aलखनऊ
_b गंगा पुस्तकमाला
_c1943
650 _aहिन्दी साहित्य
_9156264
942 _hO152,1:gN2, H3
_cTEXL
_2CC
999 _c315076
_d315076